[Event "Druzynowe Mistrzostwa Polski Niewidomyc"]
[Site "Wagrowiec"]
[Date "2016.??.??"]
[Round "2.13"]
[White "Kulik, Roman"]
[Black "Wojcieszyn, Zdzislaw"]
[Result "0-1"]
[WhiteElo "1743"]
[BlackElo "1914"]
[PlyCount "50"]
[EventDate "2016.??.??"]

1. Nf3 c5 2. c4 Nc6 3. Nc3 g6 4. d3 Bg7 5. g3 Nf6 6. Bg2 O-O 7. O-O a6 8. Bd2
Rb8 9. a4 d6 10. Rb1 Bd7 11. b3 Nb4 12. Qc1 Re8 13. Nd1 Bc6 14. Ne3 e5 15. Bxb4
cxb4 16. Nc2 a5 17. e4 Nd7 18. Qd1 f5 19. exf5 gxf5 20. Nh4 Qg5 21. Bxc6 bxc6
22. f4 exf4 23. Rxf4 Rf8 24. Qf1 Rbe8 25. Rxf5 Qd2 0-1

[Event "Druzynowe Mistrzostwa Polski Niewidomyc"]
[Site "Wagrowiec"]
[Date "2016.??.??"]
[Round "2.14"]
[White "Bojczewski, Rafal"]
[Black "Perszewska, Krystyna"]
[Result "1-0"]
[WhiteElo "1654"]
[BlackElo "1551"]
[PlyCount "55"]
[EventDate "2016.??.??"]

1. e4 e6 2. d4 d5 3. exd5 exd5 4. Bd3 Bd6 5. Nf3 Nf6 6. O-O O-O 7. Bg5 c6 8.
Nbd2 Nbd7 9. c3 Re8 10. Qc2 Nf8 11. Rae1 Rxe1 12. Rxe1 Bd7 13. Ne5 h6 14. Bh4
Be6 15. f4 Rc8 16. Ndf3 Be7 17. Qe2 Bd6 18. f5 Bd7 19. Ng4 N8h7 20. Nfe5 Ng5
21. Nxf6+ gxf6 22. Qh5 fxe5 23. Qxh6 Bf8 24. Qh5 Be7 25. dxe5 Ne4 26. Bxe4 dxe4
27. Rxe4 Bxh4 28. Rxh4 1-0

[Event "Druzynowe Mistrzostwa Polski Niewidomyc"]
[Site "Wagrowiec"]
[Date "2016.??.??"]
[Round "2.15"]
[White "Barnowski, Sylwester"]
[Black "Sargalski, Andrzej"]
[Result "1/2-1/2"]
[WhiteElo "1871"]
[BlackElo "1831"]
[PlyCount "62"]
[EventDate "2016.??.??"]

1. d4 d5 2. f4 Nf6 3. Nf3 e6 4. c3 c5 5. e3 a6 6. Bd3 Nc6 7. O-O b5 8. Bd2 Bb7
9. Ne5 Qc7 10. Be1 c4 11. Bc2 g6 12. Bh4 Bg7 13. Bxf6 Bxf6 14. Nd2 Ne7 15. Ndf3
O-O 16. g4 Bg7 17. g5 Nf5 18. Qe1 Qe7 19. Nh4 Rac8 20. Nxf5 exf5 21. h4 f6 22.
gxf6 Bxf6 23. h5 Bxe5 24. dxe5 Rc6 25. hxg6 hxg6 26. a3 Rf7 27. Qg3 Rg7 28. Kf2
Re6 29. Rg1 a5 30. Qg5 Qxg5 31. Rxg5 Kf7 1/2-1/2

[Event "Druzynowe Mistrzostwa Polski Niewidomyc"]
[Site "Wagrowiec"]
[Date "2016.??.??"]
[Round "2.16"]
[White "Przewoznik, Emil"]
[Black "Traczyk, Tadeusz"]
[Result "1/2-1/2"]
[WhiteElo "1808"]
[BlackElo "1857"]
[PlyCount "98"]
[EventDate "2016.??.??"]

1. d4 Nf6 2. Nf3 g6 3. Nc3 Bg7 4. e4 d6 5. Bc4 O-O 6. Qe2 c6 7. Bf4 b5 8. Bd3
b4 9. Nd1 a5 10. a3 bxa3 11. Rxa3 Nbd7 12. O-O c5 13. d5 Nh5 14. Bd2 Ne5 15.
Nxe5 Bxe5 16. f4 Bd4+ 17. Kh1 e6 18. c4 exd5 19. cxd5 Nf6 20. Bc3 Bg4 21. Qd2
Bxd1 22. Bxd4 Bg4 23. Bc3 a4 24. Bc2 Bd7 25. e5 Ne8 26. Qe3 Bb5 27. Rf3 Nc7 28.
exd6 Qxd6 29. Be5 Qb6 30. d6 Nd5 31. Qd2 Bc6 32. Be4 Qb4 33. Bc3 Nxc3 34. Bxc6
Nb1 35. Qxb4 cxb4 36. Rad3 Rac8 37. Bxa4 Rc1+ 38. Rd1 Rxd1+ 39. Bxd1 Re8 40.
Rf1 Nd2 41. Rg1 Rd8 42. d7 Rxd7 43. Ba4 Rd4 44. g3 Nc4 45. b3 Nb6 46. Ra1 Kg7
47. Kg2 Rd2+ 48. Kh3 h5 49. Be8 Rd8 1/2-1/2

[Event "Druzynowe Mistrzostwa Polski Niewidomyc"]
[Site "Wagrowiec"]
[Date "2016.??.??"]
[Round "2.17"]
[White "Filipiak, Rajmund"]
[Black "Wyrzykowski, Jozef"]
[Result "1-0"]
[WhiteElo "1561"]
[BlackElo "1655"]
[PlyCount "67"]
[EventDate "2016.??.??"]

1. d4 d5 2. Bf4 e6 3. e3 Nf6 4. c4 c6 5. Nc3 Bd6 6. Bg3 Bxg3 7. hxg3 Bd7 8. Nf3
h6 9. Bd3 Qe7 10. c5 b6 11. b4 b5 12. a4 Na6 13. Qb3 Nc7 14. axb5 Nxb5 15. Nxb5
cxb5 16. Ne5 O-O 17. c6 Bc8 18. O-O Rb8 19. Rfc1 Qc7 20. Qc2 a6 21. Qe2 Ne4 22.
Bxe4 dxe4 23. Qc2 Rb6 24. Qxe4 Rd8 25. Rc5 f6 26. Nd7 Bxd7 27. cxd7 Qxd7 28.
Rac1 Rd6 29. Rc7 Qe8 30. Qb7 Qf8 31. Re7 Rb8 32. Rxg7+ Qxg7 33. Qxb8+ Qf8 34.
Rc8 1-0

[Event "Druzynowe Mistrzostwa Polski Niewidomyc"]
[Site "Wagrowiec"]
[Date "2016.??.??"]
[Round "3.1"]
[White "Sargalski, Andrzej"]
[Black "Walczak, Lucjan"]
[Result "1-0"]
[WhiteElo "1831"]
[BlackElo "1842"]
[PlyCount "63"]
[EventDate "2016.??.??"]

1. e4 c5 2. Nf3 d6 3. d4 cxd4 4. Nxd4 Nf6 5. Nc3 g6 6. Be2 Bg7 7. Be3 Nc6 8.
O-O Nxd4 9. Bxd4 Be6 10. f4 Qc8 11. Bb5+ Bd7 12. e5 Ng8 13. Bxd7+ Qxd7 14. e6
Bxd4+ 15. Qxd4 Qxe6 16. Qxh8 Qe3+ 17. Kh1 O-O-O 18. Qxh7 Nf6 19. Qh3+ Qxh3 20.
gxh3 Rh8 21. Rae1 Rxh3 22. Rxe7 Ng4 23. Re2 Kd7 24. Rg1 Nf6 25. Rg3 Rh8 26. Kg2
Nh5 27. Rf3 f5 28. Nd5 b5 29. Rc3 b4 30. Rc7+ Kd8 31. Rxa7 Rh6 32. Ree7 1-0

[Event "Druzynowe Mistrzostwa Polski Niewidomyc"]
[Site "Wagrowiec"]
[Date "2016.??.??"]
[Round "3.2"]
[White "Krynicki, Henryk"]
[Black "Przewoznik, Emil"]
[Result "0-1"]
[WhiteElo "1749"]
[BlackElo "1808"]
[PlyCount "46"]
[EventDate "2016.??.??"]

1. e4 c5 2. Nf3 e6 3. d4 cxd4 4. Nxd4 Nf6 5. Nc3 Bb4 6. Bd3 e5 7. Nf5 O-O 8.
O-O Bxc3 9. bxc3 d5 10. exd5 e4 11. Bxe4 Nxe4 12. Qg4 Bxf5 13. Qxf5 Re8 14. Re1
Nd6 15. Rxe8+ Qxe8 16. Qd3 Qe1+ 17. Qf1 Qxc3 18. Bf4 Qf6 19. Qc1 Nd7 20. Rb1
Nb6 21. Bg3 Rc8 22. Rb3 Ne4 23. Rf3 Rxc2 0-1

[Event "Druzynowe Mistrzostwa Polski Niewidomyc"]
[Site "Wagrowiec"]
[Date "2016.??.??"]
[Round "3.3"]
[White "Wyrzykowski, Jozef"]
[Black "Cebula, Jozef"]
[Result "1-0"]
[WhiteElo "1655"]
[BlackElo "1723"]
[PlyCount "59"]
[EventDate "2016.??.??"]

1. c4 e5 2. Nc3 Nf6 3. d3 Nc6 4. Nf3 a6 5. g3 Bc5 6. Bg2 O-O 7. O-O Re8 8. Nd2
d6 9. Nde4 Nxe4 10. Nxe4 Ba7 11. a3 Nd4 12. b4 c6 13. e3 Ne6 14. Kh1 f5 15. Nc3
Rf8 16. f4 exf4 17. exf4 Bd4 18. Bd2 Qf6 19. Qc2 Qh6 20. Rae1 Bd7 21. Ne2 Ba7
22. Bc3 Rae8 23. d4 g6 24. d5 Ng7 25. dxc6 Bxc6 26. Nd4 Nh5 27. Qd3 Nf6 28.
Nxc6 bxc6 29. Bxc6 Ng4 30. Bd5+ 1-0

[Event "Druzynowe Mistrzostwa Polski Niewidomyc"]
[Site "Wagrowiec"]
[Date "2016.??.??"]
[Round "3.5"]
[White "Pawelec, Bartosz"]
[Black "Barnowski, Sylwester"]
[Result "1-0"]
[WhiteElo "2092"]
[BlackElo "1871"]
[PlyCount "107"]
[EventDate "2016.??.??"]

1. e4 e5 2. Nf3 Nf6 3. Nxe5 d6 4. Nf3 Nxe4 5. Nc3 Nxc3 6. dxc3 Be7 7. Be3 Bf5
8. Qd5 Qc8 9. Nd4 Bg6 10. h4 c6 11. Qf3 c5 12. Bb5+ Kf8 13. h5 Bxh5 14. Rxh5
cxd4 15. Bxd4 Qe6+ 16. Kf1 Nc6 17. Re1 Qd7 18. Qe4 h6 19. Bxc6 bxc6 20. Bxg7+
Kxg7 21. Qxe7 Qxe7 22. Rxe7 Rhe8 23. Rc7 Rec8 24. Rxc8 Rxc8 25. Ke2 c5 26. Kd3
Rc6 27. Kc4 Kg6 28. Rh3 Rb6 29. b3 Kg5 30. Kd5 h5 31. Rg3+ Kf6 32. Rg8 Rb7 33.
Kxd6 Re7 34. Rg3 Re2 35. Rf3+ Kg6 36. Kxc5 Rxc2 37. a4 f5 38. Kb5 Kg5 39. Ka6
h4 40. Kxa7 Kg4 41. a5 h3 42. Rg3+ Kf4 43. Rxh3 Rxf2 44. Rf3+ Rxf3 45. gxf3
Kxf3 46. Kb6 Kg3 47. a6 f4 48. a7 f3 49. a8=Q f2 50. Qg8+ Kh2 51. Qf7 Kh1 52.
c4 Kg1 53. c5 f1=Q 54. Qxf1+ 1-0

[Event "Druzynowe Mistrzostwa Polski Niewidomyc"]
[Site "Wagrowiec"]
[Date "2016.??.??"]
[Round "3.6"]
[White "Traczyk, Tadeusz"]
[Black "Kowalczyk, Marian"]
[Result "1/2-1/2"]
[WhiteElo "1857"]
[BlackElo "1965"]
[PlyCount "98"]
[EventDate "2016.??.??"]

1. e4 c5 2. Nf3 d6 3. d4 cxd4 4. Nxd4 Nf6 5. Nc3 a6 6. Bg5 e6 7. f4 Be7 8. Qf3
Qc7 9. O-O-O Nbd7 10. Bxf6 Nxf6 11. g4 b5 12. a3 Bb7 13. g5 Nd7 14. h4 O-O-O
15. Bh3 Qc4 16. Qd3 Qxd3 17. cxd3 Kb8 18. Rhf1 Rc8 19. Kb1 Rc7 20. Bxe6 fxe6
21. Nxe6 Rcc8 22. Nxg7 Rhg8 23. Nf5 Bf8 24. d4 Nb6 25. h5 Nc4 26. Ka2 Bc6 27.
h6 Bd7 28. Nd5 Be6 29. Kb1 Bxd5 30. exd5 Nb6 31. Rde1 Nxd5 32. Re6 Kc7 33. Re4
Kd7 34. Rfe1 a5 35. Ne3 Nxe3 36. R1xe3 d5 37. Re5 Bd6 38. Rxd5 Kc6 39. Rf5 Rcf8
40. Rc3+ Kb6 41. Rd5 Bxf4 42. Rd7 Rxg5 43. Rxh7 Rh5 44. Rf3 Rf6 45. Rh8 Bg5 46.
Rb8+ Kc6 47. Rc3+ Kd5 48. Rxb5+ Kxd4 49. Rxa5 Rfxh6 1/2-1/2

[Event "Druzynowe Mistrzostwa Polski Niewidomyc"]
[Site "Wagrowiec"]
[Date "2016.??.??"]
[Round "3.7"]
[White "Wojcieszyn, Zdzislaw"]
[Black "Kasperczyk, Dominik"]
[Result "1-0"]
[WhiteElo "1914"]
[BlackElo "1703"]
[PlyCount "33"]
[EventDate "2016.??.??"]

1. c4 Nf6 2. g3 c5 3. Bg2 d6 4. Nc3 Qb6 5. e3 Bd7 6. d4 cxd4 7. exd4 Bc6 8. d5
Bd7 9. Nge2 Na6 10. O-O e5 11. dxe6 fxe6 12. Nd4 Be7 13. Re1 e5 14. Ndb5 O-O
15. Be3 Qd8 16. Bxb7 Rb8 17. Bxa6 1-0

[Event "Druzynowe Mistrzostwa Polski Niewidomyc"]
[Site "Wagrowiec"]
[Date "2016.??.??"]
[Round "3.9"]
[White "Hagner, Pawel"]
[Black "Zelajtys, Jozef"]
[Result "0-1"]
[WhiteElo "1680"]
[BlackElo "1706"]
[PlyCount "84"]
[EventDate "2016.??.??"]

1. d4 d5 2. Nf3 Nf6 3. Bg5 c6 4. e3 Nbd7 5. Nbd2 Qb6 6. Rb1 e6 7. c3 g6 8. Bd3
Bg7 9. Bf4 O-O 10. h3 Qd8 11. O-O Qe7 12. Re1 Nh5 13. Bh2 f5 14. c4 Ndf6 15.
Be2 Ne4 16. Ne5 Qh4 17. Rf1 Nhf6 18. Nef3 Qh6 19. Bf4 g5 20. Nxg5 Nxg5 21. Nf3
Nxf3+ 22. Bxf3 Qg6 23. Kh2 Kh8 24. Rg1 Bd7 25. g4 fxg4 26. hxg4 Ne4 27. g5 e5
28. dxe5 Nxf2 29. Qe2 Qf5 30. Qf1 Bxe5 31. Rg3 Bxf4 32. exf4 Ne4 33. Bxe4 dxe4
34. Rd1 Be6 35. Qe2 Qxf4 36. Qh5 Bf5 37. Rdg1 Bg6 38. Qd1 e3 39. Qe1 Rae8 40.
b3 Qh4+ 41. Rh3 Rf2+ 42. Rg2 Rxg2+ 0-1

[Event "Druzynowe Mistrzostwa Polski Niewidomyc"]
[Site "Wagrowiec"]
[Date "2016.??.??"]
[Round "3.10"]
[White "Dziobek, Jerzy"]
[Black "Stankiewicz, Edward"]
[Result "1/2-1/2"]
[WhiteElo "1750"]
[BlackElo "1825"]
[PlyCount "38"]
[EventDate "2016.??.??"]

1. d4 Nf6 2. Nf3 d5 3. Nbd2 g6 4. e3 Bg7 5. Bd3 O-O 6. O-O Nbd7 7. Re1 Re8 8.
c3 e5 9. e4 exd4 10. Nxd4 dxe4 11. Nxe4 Nxe4 12. Rxe4 Rxe4 13. Bxe4 Nf6 14. Bg5
h6 15. Bxf6 Bxf6 16. Nf3 c6 17. h3 Be6 18. Qe2 Kg7 19. Rd1 Qe7 {(...32)}
1/2-1/2

[Event "Druzynowe Mistrzostwa Polski Niewidomyc"]
[Site "Wagrowiec"]
[Date "2016.??.??"]
[Round "3.11"]
[White "Wolanski, Michal"]
[Black "Kulik, Roman"]
[Result "1-0"]
[WhiteElo "1954"]
[BlackElo "1743"]
[PlyCount "57"]
[EventDate "2016.??.??"]

1. c4 Nf6 2. Nc3 c5 3. g3 Nc6 4. Bg2 g6 5. a3 Bg7 6. Nf3 O-O 7. O-O d6 8. Rb1
Bd7 9. b4 cxb4 10. axb4 a6 11. d3 Rb8 12. b5 axb5 13. Nxb5 Na5 14. Be3 Nc6 15.
Qd2 Ng4 16. Bf4 e5 17. Bg5 f6 18. Be3 Nxe3 19. Qxe3 Be8 20. Rb3 Rf7 21. Rfb1
Re7 22. Qc1 f5 23. Qa3 e4 24. dxe4 fxe4 25. Nd2 Nd4 26. Nxd4 Bxd4 27. Nxe4 Bc6
28. Nxd6 Rd7 29. Bxc6 1-0

[Event "Druzynowe Mistrzostwa Polski Niewidomyc"]
[Site "Wagrowiec"]
[Date "2016.??.??"]
[Round "3.12"]
[White "Mackowiak, Marek"]
[Black "Suder, Ryszard"]
[Result "1/2-1/2"]
[WhiteElo "2165"]
[BlackElo "2153"]
[PlyCount "92"]
[EventDate "2016.??.??"]

1. Nf3 Nf6 2. g3 g6 3. Bg2 Bg7 4. O-O O-O 5. d4 d5 6. Nc3 c6 7. Re1 Nbd7 8. Bf4
Qb6 9. Rb1 Re8 10. a3 Ne4 11. Nxe4 dxe4 12. Ng5 Qxd4 13. Qxd4 Bxd4 14. Nxe4 f5
15. Nd2 e5 16. Bg5 e4 17. Nc4 Ne5 18. Be3 Bxe3 19. Nxe3 Be6 20. Red1 Rad8 21.
Rxd8 Rxd8 22. Rd1 Rxd1+ 23. Nxd1 Kf7 24. f3 exf3 25. exf3 g5 26. Kf2 f4 27.
gxf4 gxf4 28. Bf1 Bf5 29. c4 Bc2 30. Nc3 Bd3 31. b3 Bxf1 32. Kxf1 Nxf3 33. Kg2
Nd4 34. b4 Kf6 35. b5 Ke5 36. a4 Nf5 37. Kf3 h5 38. a5 Nh4+ 39. Kf2 cxb5 40.
cxb5 Kd4 41. a6 bxa6 42. Ne2+ Ke5 43. bxa6 Nf5 44. Kf3 Nh4+ 45. Kf2 Nf5 46. Kf3
Nh4+ 1/2-1/2

[Event "Druzynowe Mistrzostwa Polski Niewidomyc"]
[Site "Wagrowiec"]
[Date "2016.??.??"]
[Round "3.13"]
[White "Chojnowski, Marcin"]
[Black "Niecko, Stanislaw"]
[Result "1-0"]
[WhiteElo "2012"]
[BlackElo "1843"]
[PlyCount "41"]
[EventDate "2016.??.??"]

1. d4 d5 2. Nf3 Nf6 3. c4 e6 4. g3 dxc4 5. Bg2 c5 6. O-O Nc6 7. dxc5 Qxd1 8.
Rxd1 Bxc5 9. Nbd2 O-O 10. Nxc4 Ne4 11. e3 Rd8 12. Rxd8+ Nxd8 13. Nfe5 Nd6 14.
Nd3 Nxc4 15. Nxc5 Rb8 16. b3 Ne5 17. Bb2 Nec6 18. Rd1 f6 19. b4 a6 20. a4 b5
21. Rd6 1-0

[Event "Druzynowe Mistrzostwa Polski Niewidomyc"]
[Site "Wagrowiec"]
[Date "2016.??.??"]
[Round "3.14"]
[White "Stolarczyk, Anna"]
[Black "Zoltek, Tadeusz"]
[Result "1-0"]
[WhiteElo "1990"]
[BlackElo "2149"]
[PlyCount "73"]
[EventDate "2016.??.??"]

1. d4 d5 2. c4 e6 3. Nc3 Nf6 4. Nf3 Be7 5. Bg5 O-O 6. e3 h6 7. Bh4 b6 8. Rc1
Bb7 9. Bd3 Nbd7 10. O-O c5 11. cxd5 exd5 12. b3 Ne4 13. Bxe7 Qxe7 14. Nd2 Rac8
15. Ndxe4 dxe4 16. Bc4 Nf6 17. dxc5 Rxc5 18. Qe2 Rg5 19. Rfd1 h5 20. Rd4 Rc5
21. Rcd1 Rcc8 22. Nb5 Ra8 23. Nd6 Bc6 24. Qc2 Bb7 25. h3 Rab8 26. b4 a6 27. a4
a5 28. bxa5 bxa5 29. Qa2 Bc6 30. Rc1 Ba8 31. Bb5 Qe6 32. Bc4 Qe7 33. Bb3 Rb4
34. Rxb4 axb4 35. Nxf7 Kh7 36. Ng5+ Kg6 37. Ne6 1-0

[Event "Druzynowe Mistrzostwa Polski Niewidomyc"]
[Site "Wagrowiec"]
[Date "2016.??.??"]
[Round "3.15"]
[White "Malcer, Joanna"]
[Black "Spychala, Jozefa"]
[Result "1/2-1/2"]
[WhiteElo "1591"]
[BlackElo "1471"]
[PlyCount "151"]
[EventDate "2016.??.??"]

1. e4 c5 2. Nf3 d6 3. Nc3 Nf6 4. d3 e6 5. Be2 Be7 6. O-O Nc6 7. Be3 O-O 8. a4
a6 9. d4 cxd4 10. Nxd4 Nxd4 11. Qxd4 Rb8 12. f4 Qc7 13. Qc4 Qxc4 14. Bxc4 b5
15. axb5 axb5 16. Bd3 Bd7 17. Ra7 b4 18. Ne2 Rfd8 19. Rfa1 Kf8 20. Rc7 Ne8 21.
Rca7 Bb5 22. Bxb5 Rxb5 23. Ra8 Rxa8 24. Rxa8 d5 25. e5 Bc5 26. Kf2 Bxe3+ 27.
Kxe3 Rc5 28. Kd3 Rc4 29. b3 Rc7 30. Rb8 f6 31. exf6 gxf6 32. Rxb4 Rg7 33. g3
Rc7 34. c4 dxc4+ 35. Rxc4 Rxc4 36. bxc4 Ke7 37. c5 Nc7 38. Nc3 Kd7 39. Ne4 Nd5
40. Kd4 Kc6 41. h4 h5 42. Nd6 Nc7 43. Kc4 Nd5 44. Kd4 Ne7 45. Kc4 e5 46. fxe5
fxe5 47. Ne4 Nf5 48. Kd3 Kd5 49. Nf6+ Kxc5 50. Nxh5 Kd5 51. Nf6+ Ke6 52. Ne4
Nh6 53. Ke2 Kf5 54. Kf3 Nf7 55. g4+ Kg6 56. h5+ Kh6 57. Ng3 Ng5+ 58. Ke3 Kg7
59. Ne4 Ne6 60. g5 Nf4 61. h6+ Kg6 62. Kf3 Ne6 63. Kg4 Nf8 64. Nf6 Nh7 65. Nxh7
Kxh7 66. Kf5 e4 67. Kxe4 Kg6 68. Ke5 Kh7 69. Kf6 Kg8 70. g6 Kh8 71. g7+ Kh7 72.
Kf7 Kxh6 73. g8=Q Kh5 74. Kf6 Kh4 75. Kf5 Kh3 76. Kf4 1/2-1/2

[Event "Druzynowe Mistrzostwa Polski Niewidomyc"]
[Site "Wagrowiec"]
[Date "2016.??.??"]
[Round "3.16"]
[White "Staruch, Roman"]
[Black "Zarow, Zdzislaw"]
[Result "1/2-1/2"]
[WhiteElo "1905"]
[BlackElo "1818"]
[PlyCount "80"]
[EventDate "2016.??.??"]

1. e4 e5 2. Nf3 Nf6 3. Nc3 d5 4. exd5 Bg4 5. Be2 Nbd7 6. d3 Bb4 7. Bd2 O-O 8.
O-O Re8 9. Re1 Bxc3 10. Bxc3 Nxd5 11. Qd2 Nxc3 12. Qxc3 b6 13. Nd2 Bxe2 14.
Rxe2 c5 15. Rae1 Rc8 16. Nc4 Rc6 17. f4 Rce6 18. fxe5 Qg5 19. d4 f6 20. d5 R6e7
21. e6 Nf8 22. Nd6 Rd8 23. Nf7 Qxd5 24. Nxd8 Qxd8 25. Qd3 Qc8 26. Qd6 Qe8 27.
Qd5 g5 28. Qf5 Kg7 29. Rf1 Rxe6 30. Rxe6 Qxe6 31. Qxe6 Nxe6 32. Rd1 Kg6 33. Rd7
Nd4 34. Rxa7 Nxc2 35. Rb7 Nb4 36. a3 Nd5 37. Rd7 Ne3 38. Rd3 Nc4 39. Rb3 Kf5
40. a4 Ke4 1/2-1/2

[Event "Druzynowe Mistrzostwa Polski Niewidomyc"]
[Site "Wagrowiec"]
[Date "2016.??.??"]
[Round "3.17"]
[White "Ruszczycki, Jacek"]
[Black "Myszka, Zygmunt"]
[Result "1/2-1/2"]
[WhiteElo "1918"]
[BlackElo "1848"]
[PlyCount "82"]
[EventDate "2016.??.??"]

1. e4 c5 2. Nf3 Nc6 3. d4 cxd4 4. Nxd4 e5 5. Nb3 Nf6 6. Bc4 Bb4+ 7. c3 Be7 8.
Qe2 O-O 9. O-O d6 10. a4 Bg4 11. f3 Be6 12. Na3 Rc8 13. Be3 Bxc4 14. Nxc4 Qc7
15. Na3 Rfd8 16. Qf2 Qb8 17. c4 b6 18. Nb5 Nd7 19. Qd2 Nc5 20. Nc1 Na5 21. Qc2
Ne6 22. b3 d5 23. exd5 Rxd5 24. Qe4 Rd7 25. Nc3 Bc5 26. Nd5 Bxe3+ 27. Qxe3 Nd4
28. f4 Nc2 29. Qg3 Rxd5 30. cxd5 exf4 31. Qd3 Nxa1 32. b4 Nc4 33. Ne2 Qe5 34.
Rc1 Nd6 35. Rc6 Kf8 36. b5 g6 37. Qa3 Rxc6 38. dxc6 Qe3+ 39. Qxe3 fxe3 40. Nd4
Ke7 41. Kf1 Nf5 1/2-1/2

[Event "Druzynowe Mistrzostwa Polski Niewidomyc"]
[Site "Wagrowiec"]
[Date "2016.??.??"]
[Round "3.18"]
[White "Mettel, Werner"]
[Black "Szydlowski, Wiktor"]
[Result "1/2-1/2"]
[WhiteElo "1804"]
[BlackElo "1781"]
[PlyCount "62"]
[EventDate "2016.??.??"]

1. e4 e5 2. Nf3 Nc6 3. Bb5 Bc5 4. O-O Nd4 5. Bc4 d6 6. h3 Be6 7. Bxe6 Nxe6 8.
d3 Nf6 9. Nc3 a6 10. a3 O-O 11. Ne2 Nh5 12. b4 Ba7 13. c3 g6 14. Bd2 Qf6 15.
Qc1 Nef4 16. Nxf4 exf4 17. Kh2 g5 18. d4 h6 19. Qc2 Qg6 20. Rae1 Rae8 21. Qb1
Ng7 22. e5 Qxb1 23. Rxb1 d5 24. Rbe1 c6 25. Kg1 Ne6 26. Nh2 h5 27. Nf3 Bb6 28.
h4 g4 29. Ng5 Bd8 30. Nxe6 fxe6 31. g3 f3 1/2-1/2

[Event "Druzynowe Mistrzostwa Polski Niewidomyc"]
[Site "Wagrowiec"]
[Date "2016.??.??"]
[Round "4.1"]
[White "Walczak, Lucjan"]
[Black "Zarow, Zdzislaw"]
[Result "1-0"]
[WhiteElo "1842"]
[BlackElo "1818"]
[PlyCount "117"]
[EventDate "2016.??.??"]

1. e4 e5 2. d4 d6 3. dxe5 dxe5 4. Qxd8+ Kxd8 5. Nc3 c6 6. Be3 Nf6 7. O-O-O+ Kc7
8. Bc4 Bb4 9. Nge2 Rf8 10. h3 b5 11. Bb3 a5 12. a3 Bxc3 13. Nxc3 Na6 14. f3 Nd7
15. a4 Nac5 16. axb5 Nxb3+ 17. cxb3 Bb7 18. bxc6 Bxc6 19. Nd5+ Bxd5 20. Rxd5 f6
21. Rhd1 Rf7 22. R1d3 Ra6 23. Rc3+ Kb7 24. Rb5+ Nb6 25. Rcc5 Rc7 26. Rxc7+ Kxc7
27. Bxb6+ Rxb6 28. Rxa5 Rxb3 29. Ra7+ Kd6 30. Rxg7 Re3 31. h4 Re1+ 32. Kd2 Rb1
33. Kc2 Rf1 34. h5 h6 35. Rg6 Ke6 36. b4 Rh1 37. b5 Rxh5 38. b6 Kd7 39. Rxf6
Rg5 40. g4 h5 41. gxh5 Rxh5 42. Kd3 Rh1 43. Kc4 Rd1 44. Kc5 Kc8 45. Kc6 Rd8 46.
Rf7 Kb8 47. Re7 Rf8 48. Re6 Rc8+ 49. Kd5 Rf8 50. Kc6 Rc8+ 51. Kb5 Rf8 52. Ka6
Kc8 53. b7+ Kb8 54. Rc6 Re8 55. Rc8+ Rxc8 56. bxc8=Q+ Kxc8 57. Kb6 Kd7 58. Kc5
Ke6 59. Kc6 1-0

[Event "Druzynowe Mistrzostwa Polski Niewidomyc"]
[Site "Wagrowiec"]
[Date "2016.??.??"]
[Round "4.2"]
[White "Ruszczycki, Jacek"]
[Black "Krynicki, Henryk"]
[Result "1/2-1/2"]
[WhiteElo "1918"]
[BlackElo "1749"]
[PlyCount "65"]
[EventDate "2016.??.??"]

1. e4 c5 2. Nf3 a6 3. d4 cxd4 4. Nxd4 Nf6 5. Bc4 e6 6. Qe2 Nc6 7. c3 Qc7 8. Bd2
Nxd4 9. cxd4 Nxe4 10. Bxe6 dxe6 11. Qxe4 Be7 12. Nc3 O-O 13. O-O Rd8 14. Ne2
Bf6 15. Bc3 Rd5 16. Rfd1 Bd7 17. Rac1 Bc6 18. Qe3 Bg5 19. f4 Bh6 20. Rc2 Rf5
21. Rf1 Bb5 22. g3 g5 23. fxg5 Bxg5 24. Qe4 Bc6 25. Qd3 Bb5 26. Qd1 Rxf1+ 27.
Kxf1 Qc6 28. d5 Qxd5 29. Qxd5 exd5 30. Kf2 Bd3 31. h4 Bxc2 32. hxg5 Re8 33. Nf4
1/2-1/2

[Event "Druzynowe Mistrzostwa Polski Niewidomyc"]
[Site "Wagrowiec"]
[Date "2016.??.??"]
[Round "4.3"]
[White "Cebula, Jozef"]
[Black "Szydlowski, Wiktor"]
[Result "0-1"]
[WhiteElo "1723"]
[BlackElo "1781"]
[PlyCount "94"]
[EventDate "2016.??.??"]

1. e4 e5 2. Nc3 Nc6 3. Bc4 a6 4. a4 Bc5 5. Nf3 Nf6 6. d3 h6 7. O-O O-O 8. Nd5
d6 9. c3 Nxd5 10. Bxd5 Ne7 11. Ba2 Ng6 12. d4 Ba7 13. Qc2 Bg4 14. Qd3 Qf6 15.
dxe5 dxe5 16. Ne1 Rad8 17. Qg3 Be2 18. Bb3 Nf4 19. Nf3 Nd3 20. Bd2 Bxf1 21.
Rxf1 Nxb2 22. Rb1 Nd3 23. Be3 Nf4 24. Bc4 Bxe3 25. fxe3 Ng6 26. h3 b6 27. Bxa6
Qc6 28. h4 Qxe4 29. Re1 Rfe8 30. h5 Nf8 31. Nh4 Nh7 32. Rf1 Ng5 33. Qf2 Re6 34.
Nf5 Qxa4 35. Bb7 Qg4 36. Ng3 Rf6 37. Bf3 Qc4 38. Qc2 e4 39. Nxe4 Nxe4 40. Be2
Rxf1+ 41. Bxf1 Qe6 42. Bd3 Nc5 43. Bh7+ Kf8 44. e4 Qd6 45. Bf5 Qd1+ 46. Qxd1
Rxd1+ 47. Kf2 Rc1 0-1

[Event "Druzynowe Mistrzostwa Polski Niewidomyc"]
[Site "Wagrowiec"]
[Date "2016.??.??"]
[Round "4.4"]
[White "Suder, Ryszard"]
[Black "Huzarski, Stanislaw"]
[Result "1-0"]
[WhiteElo "2153"]
[BlackElo "1806"]
[PlyCount "61"]
[EventDate "2016.??.??"]

1. Nf3 d5 2. d4 c6 3. g3 Nf6 4. Bg2 e6 5. O-O Bd6 6. Nbd2 O-O 7. c4 Nbd7 8. Qc2
Re8 9. e4 Nxe4 10. Nxe4 dxe4 11. Qxe4 Nf6 12. Qe2 h6 13. Rd1 Qe7 14. Ne5 Nd7
15. b3 Rb8 16. Bb2 Bxe5 17. dxe5 c5 18. Rd3 b6 19. Bc6 Rd8 20. Rad1 Kf8 21. Bc1
Ke8 22. Qe4 Qf8 23. Rd6 Qe7 24. Qd3 Rb7 25. Bxb7 Bxb7 26. f4 g6 27. Be3 Bc8 28.
a3 Qf8 29. b4 Qe7 30. bxc5 bxc5 31. Bxc5 1-0

[Event "Druzynowe Mistrzostwa Polski Niewidomyc"]
[Site "Wagrowiec"]
[Date "2016.??.??"]
[Round "4.5"]
[White "Myszka, Zygmunt"]
[Black "Chojnowski, Marcin"]
[Result "1-0"]
[WhiteElo "1848"]
[BlackElo "2012"]
[PlyCount "109"]
[EventDate "2016.??.??"]

1. e4 c5 2. Nc3 a6 3. a4 d6 4. f4 Nc6 5. Nf3 g6 6. d4 cxd4 7. Nxd4 Bg7 8. Nxc6
bxc6 9. Bc4 Qa5 10. Qd3 Nf6 11. Bd2 Qh5 12. Rb1 O-O 13. O-O d5 14. Bb3 d4 15.
Ne2 c5 16. Ng3 Qh4 17. h3 Bb7 18. Be1 Nd7 19. Nf5 Qf6 20. Bh4 Bxe4 21. Bxf6
Bxd3 22. Nxe7+ Kh8 23. Bxg7+ Kxg7 24. cxd3 Rab8 25. Bc4 Nb6 26. Bxa6 Nxa4 27.
f5 f6 28. fxg6 hxg6 29. Nd5 Rxb2 30. Rxb2 Nxb2 31. Rf2 Na4 32. Ra2 Nc3 33. Nxc3
dxc3 34. Rc2 Ra8 35. Bc4 Ra3 36. Kf2 f5 37. Ke3 Kf6 38. g3 g5 39. Ra2 Rxa2 40.
Bxa2 Ke5 41. Bb3 f4+ 42. gxf4+ gxf4+ 43. Kf3 Kd4 44. Bc2 c4 45. dxc4 Kxc4 46.
Kxf4 Kd5 47. Kf5 Kd6 48. Kf6 Kd5 49. h4 Kd4 50. h5 Ke3 51. h6 Kd2 52. Ba4 c2
53. Bxc2 Kxc2 54. h7 Kd2 55. h8=Q 1-0

[Event "Druzynowe Mistrzostwa Polski Niewidomyc"]
[Site "Wagrowiec"]
[Date "2016.??.??"]
[Round "4.6"]
[White "Zoltek, Tadeusz"]
[Black "Mettel, Werner"]
[Result "1-0"]
[WhiteElo "2149"]
[BlackElo "1804"]
[PlyCount "45"]
[EventDate "2016.??.??"]

1. Nf3 Nc6 2. d4 d5 3. g3 Bf5 4. Bg2 e6 5. O-O Bd6 6. c4 Bxb1 7. Rxb1 dxc4 8.
Qa4 Nf6 9. Qxc4 O-O 10. a3 Rb8 11. b4 h6 12. Bb2 Nd5 13. e4 Nb6 14. Qc2 Be7 15.
Rfd1 Qe8 16. d5 exd5 17. exd5 Nd8 18. Qxc7 Nd7 19. Ne5 Nxe5 20. Qxe5 Bf6 21.
Qxb8 Bxb2 22. Rxb2 Qa4 23. Ra1 1-0